000 00788nam a2200289Ia 4500
005 20260324134359.0
008 008 260324s9999 xx 000 0 eng d
020 _a9781315039213
037 _aEBOOK
040 _aCRL
040 _beng
040 _cCRL
041 _2eng
041 _aeng
084 _qCRL
100 _aApollon B. Davidson; Irina Filatova; Sheridan Johns; Valentin P. Gorodnov
_91196602
245 0 _aSouth Africa and the Communist International
245 0 _bVolume 1: Socialist Pilgrims to Bolshevik Footsoldiers, 1919-1930
260 _bTaylor and Francis
260 _c2002
365 _a
365 _b255
856 _uhttp://www.taylorfrancis.com/books/9781315039213
942 _cEBOOK
999 _c1796639
_d1796639